O cachorrinho samba na fazenda (Record no. 190497)

MARC details
000 -LÍDER
campo de controle de tamanho fixo 00394 a2200169 4500
001 - NÚMERO DE CONTROLE
campo de controle 190497
020 ## - ISBN - INTERNATIONAL STANDARD BOOK NUMBER
ISBN - International Standard Book Number 978-85-08-081763-1
040 ## - FONTE DA CATALOGAÇÃO
Instituição que transcreveu o registro Magnum
100 ## - ENTRADA PRINCIPAL--NOME PESSOAL
Nome pessoal Dupré, Maria José
240 10 - TÍTULO UNIFORME
Título uniforme O cachorrinho samba na fazenda
Idioma da obra por
245 10 - TÍTULO
Título O cachorrinho samba na fazenda
300 ## - DESCRIÇÃO FÍSICA
Extensão 95
362 0# - DATAS DE PUBLICAÇÃO E/OU DESIGNAÇÃO SEQUENCIAL
Datas de publicação e/ou designação sequencial 2008
440 #1 - DECLARAÇÃO DE SÉRIE/ENTRADA ADICIONADA--TÍTULO
Título Ática
697 ## - ENTRADA DE ASSUNTO LOCAL--ENTIDADE COLETIVA (RLIN)
Nome corporativo ou nome da jurisdição LITERATURA INFANTO-JUVENIL
942 ## - ELEMENTOS DE ENTRADA ADICIONADOS (KOHA)
Tipo de material Koha Livros
Holdings
Situação do descarte Situação das perdas Situação física Não pode ser emprestado Biblioteca de origem Biblioteca atual Data de aquisição Total de empréstimos Número de chamada completo Código de barras Data de último acesso Data do preço efetivo Tipo de material Koha
        Magnum Magnum 08/06/2024   869.2.1058 MAG00067254 08/06/2024 08/06/2024 Livros
        Magnum Magnum 08/06/2024   869.2.1058 MAG00067255 08/06/2024 08/06/2024 Livros
        Magnum Magnum 08/06/2024   869.2.1058 MAG00067256 08/06/2024 08/06/2024 Livros
        Magnum Magnum 08/06/2024   869.2.1058 MAG00067257 08/06/2024 08/06/2024 Livros